Statistics for British Stadiums by Picture

Click here to take the quiz!

General Stats

  • This quiz has been taken 14 times
  • The average score is 7 of 12

Answer Stats

Answer% Correct
Old Trafford
100%
Wembley
93%
Stamford Bridge
93%
Twickenham
64%
London/Olympic
57%
St. Mary's
57%
Villa Park
57%
Principality/Millennium
43%
Hampden Park
43%
Murrayfield
36%
Falmer/The Amex
29%
The Den
7%

Score Distribution

Percentile by Number Answered

Percent of People with Each Score

Your Score History

You have not taken this quiz